| 000 | 00665nam a22002177a 4500 | ||
|---|---|---|---|
| 999 |
_c3817 _d3817 |
||
| 003 | OSt | ||
| 005 | 20241031130802.0 | ||
| 008 | 241031b ||||| |||| 00| 0 eng d | ||
| 020 | _a9780435393649 | ||
| 040 | _cKH8 | ||
| 082 | _a400 MAT | ||
| 100 |
_aMathews, Marianne, _eauthor. |
||
| 245 |
_aMira 3 : _bRojo and Verde Resource and Assessment Pack / _cMarianne Mathews and Leanda Reed. |
||
| 260 |
_aUK ; _bPearson Education Ltd , _c2008. |
||
| 300 |
_a144 pages : _billustrations ; _c30 cm _e+ 2 cd - rom. |
||
| 650 |
_aForeign language _vSpainish |
||
| 650 | _aPractice file | ||
| 650 | _aAssessment file | ||
| 700 |
_aReed, Leanda, _eauthor. |
||
| 942 |
_2ddc _cTR |
||